000 00791nam a2200241 a 4500
001 BRL_33
005 20190320210547.0
008 720302s1949####mx-a######---#000-0#spa-#
041 _aspaengfreita
044 _amx
050 4 _aND2444
_b.T68 1949
100 1 _aToussaint, Manuel
_96793
245 1 0 _aPinturas murales en los conventos mexicanos del siglo XVI
_ctextos de Manuel Toussaint.
260 _aMéxico
_bEdiciones de arte
_c1949
300 _a68 p.
_bil.
_c16 cm.
440 0 _aColección Anáhuac de arte mexicano
_v20
_922704
500 _aTítulo en cubierta: Artistas. Pinturas murales del siglo XVI
500 _aAu76
546 _aTexto en: español, inglés, francés e italiano
650 1 4 _apintura mural
_ySiglo XVI
_zMéxico
_922705
902 _aGRL
942 _2lcc
_cB
999 _c8846
_d8846